Top 15 Beatles Songs - Statistics

General Stats
  • This quiz has been taken 60 times
  • The average score is 12 of 15
Answer Stats
Hint Answer % Correct
All My Troubles Seemed So Far Away Yesterday
100%
Mother Mary Comes To Me Let It Be
98%
Don’t Make It Bad Hey Jude
94%
The Girl With Kaleidoscope Eyes Lucy In The Sky With Diamonds
94%
Making All His Nowhere Plans For Nobody Nowhere Man
90%
You Say Yes I Say No Hello Goodbye
88%
Spread Your Wings And Learn To Fly Blackbird
86%
Nothing Is Real Strawberry Fields Forever
84%
With A Love Like That You Know You Should Be Glad She Loves You
82%
I Need Somebody Help
80%
It Was 20 Years Ago Today Sgt Peppers Lonely Hearts Club Band
78%
I Think I’m Gonna Be Sad Ticket To Ride
74%
I Think You’ll Understand I Want to Hold Your Hand
62%
I’m So Glad That She’s My Little Girl I Feel Fine
56%
Nobody Seems To Like Him Fool On The Hill
42%
No matching quizzes found
Score Distribution
Percent of People with Each Score
Percentile by Number Answered
Your Score History
You have not taken this quiz